000 00409nam a2200169Ia 4500
008 230711s9999||||xx |||||||||||||| ||und||
041 _aENG
082 _a720
_bMA-I
100 _aMark,James E
245 0 _aInorganic polymers
250 _a1st Ed.
260 _c1992
_aNew Delhi
_bPrentice-Hall of India Private Limited
300 _a271
650 _aArchitecture
700 _aAllcock,H. R
942 _cBK
999 _c2042
_d2042